[Event "IECC Y2KO email"]
[Site "IECC email"]
[Date "1999.10.14"]
[Round "?"]
[White "Overstreet, Craig"]
[Black "Balev, Jivko"]
[Result "0-1"]
[WhiteElo "1270"]
[BlackElo "1859"]
[PlyCount "50"]
[EventDate "1999.??.??"]
[EventType "tourn (corr)"]
[EventRounds "2"]
[SourceTitle "Corr 2008"]
[Source "ChessBase"]
[SourceDate "2008.06.24"]
[SourceVersion "1"]
[SourceVersionDate "2008.06.24"]
[SourceQuality "1"]

1. e4 c5 2. Nf3 d6 3. d4 cxd4 4. Nxd4 Nf6 5. Nc3 a6 6. Bg5 e6 7. f4 Qb6 8. Qd2 Qxb2 9. Rb1 Qa3 10. e5 dxe5 11. fxe5 Nfd7 12. Bc4 Qa5 13. Bxe6 fxe6 14. Nxe6 Nxe5 15. Bd8 Nf3+ 16. gxf3 Qe5+ 17. Kd1 Bxe6 18. Re1 Qf5 19. Qg5 Qxf3+ 20. Kd2 Qf2+ 21. Kd3 Qf7 22. Nd5 Bd6 23. Bc7 0-0 24. Bxd6 Bf5+ 25. Ke3 Qe6+ 0-1

[Event "IECC M email"]
[Site "IECC email"]
[Date "1999.04.22"]
[Round "?"]
[White "Athens, Jim"]
[Black "Balev, Jivko"]
[Result "0-1"]
[WhiteElo "1688"]
[BlackElo "1846"]
[PlyCount "64"]
[EventDate "1999.??.??"]
[EventType "tourn (corr)"]
[EventRounds "6"]
[SourceTitle "Corr 2008"]
[Source "ChessBase"]
[SourceDate "2008.06.24"]
[SourceVersion "1"]
[SourceVersionDate "2008.06.24"]
[SourceQuality "1"]

1. Nf3 d5 2. d4 Nf6 3. e3 e6 4. Bd3 c5 5. b3 Nc6 6. 0-0 Bd6 7. Nbd2 e5 8. dxe5 Nxe5 9. Bb2 Nxd3 10. cxd3 0-0 11. e4 Bf4 12. Qc2 b6 13. Bxf6 Qxf6 14. exd5 Bb7 15. Ne4 Qd8 16. Rfe1 Bxd5 17. g3 Qd7 18. Rad1 Rfe8 19. Nfg5 Bxg5 20. Nxg5 Qg4 21. Qd2 h6 22. Ne4 f5 23. f3 Qxf3 24. Rf1 Qh5 25. Nc3 Bf3 26. Rde1 Rxe1 27. Rxe1 Bc6 28. Qf2 Rd8 29. Qf4 Qh3 30. Re2 Rd4 31. Qe3 Kh7 32. Rf2 f4 0-1

[Event "IECC Trio 675 email"]
[Site "IECC email"]
[Date "1999.01.17"]
[Round "?"]
[White "Balev, Jivko"]
[Black "Hosch, William"]
[Result "0-1"]
[WhiteElo "1827"]
[BlackElo "1988"]
[PlyCount "100"]
[EventDate "1999.??.??"]
[EventType "tourn (corr)"]
[EventRounds "4"]
[SourceTitle "Corr 2008"]
[Source "ChessBase"]
[SourceDate "2008.06.24"]
[SourceVersion "1"]
[SourceVersionDate "2008.06.24"]
[SourceQuality "1"]

1. e4 c5 2. Nf3 d6 3. d4 cxd4 4. Nxd4 Nf6 5. Nc3 a6 6. Bg5 e6 7. f4 Qb6 8. Nb3 Be7 9. Qd2 h6 10. Bxf6 Bxf6 11. 0-0-0 Be7 12. h4 Nd7 13. g4 Nc5 14. Nxc5 Qxc5 15. Bg2 Bd7 16. Kb1 0-0-0 17. Rh3 Kb8 18. h5 Bc6 19. Rd3 g6 20. hxg6 fxg6 21. Ne2 e5 22. Bf3 Bb5 23. Rb3 exf4 24. Qxf4 Rhf8 25. Qg3 Bc4 26. Ra3 Qe5 27. Rc3 Bf6 28. Qxe5 dxe5 29. Nc1 Rxd1 30. Bxd1 Bg5 31. Rf3 Rxf3 32. Bxf3 Bxc1 33. Kxc1 Kc7 34. a3 Kd6 35. Kd2 Be6 36. Ke3 Ke7 37. Be2 Kf6 38. Kf2 Kg5 39. Kg3 h5 40. gxh5 gxh5 41. Kh2 h4 42. Kg2 Kf4 43. c3 h3+ 44. Kf2 Bg4 45. Bf1 h2 46. Bg2 Bd1 47. Bh1 Bc2 48. a4 Bxe4 49. Bxe4 Kxe4 50. Kg2 Kd3 0-1

[Event "IECC Trio 675 email"]
[Site "IECC email"]
[Date "1999.01.17"]
[Round "?"]
[White "Hosch, William"]
[Black "Balev, Jivko"]
[Result "1-0"]
[WhiteElo "1997"]
[BlackElo "1818"]
[PlyCount "107"]
[EventDate "1999.??.??"]
[EventType "tourn (corr)"]
[EventRounds "4"]
[SourceTitle "Corr 2008"]
[Source "ChessBase"]
[SourceDate "2008.06.24"]
[SourceVersion "1"]
[SourceVersionDate "2008.06.24"]
[SourceQuality "1"]

1. d4 d5 2. c4 c6 3. Nf3 Nf6 4. Nc3 dxc4 5. a4 Bf5 6. e3 e6 7. Bxc4 Bb4 8. Qb3 a5 9. 0-0 b6 10. Bd2 0-0 11. Nh4 Bg4 12. f3 Bh5 13. g4 Nd5 14. Ng2 Bg6 15. e4 Re8 16. Rfd1 Nxc3 17. bxc3 Bd6 18. e5 Bc7 19. Nf4 Nd7 20. Nxg6 hxg6 21. Qc2 Qh4 22. Be3 c5 23. Bb5 Red8 24. Qf2 Qxf2+ 25. Kxf2 f6 26. f4 cxd4 27. cxd4 fxe5 28. fxe5 Rf8+ 29. Ke2 Rf7 30. Rac1 Nf8 31. Rc6 Kh7 32. Rf1 Rxf1 33. Kxf1 Bd8 34. Ke2 Ra7 35. Kd3 Rc7 36. Rxb6 Rc8 37. Ra6 Kg8 38. Bc4 Kf7 39. d5 exd5 40. Bxd5+ Ke8 41. e6 Nh7 42. Bc6+ Ke7 43. Bf4 g5 44. Bd6+ Kxd6 45. Bd7+ Rc6 46. Rxc6+ Ke7 47. Bc8 g6 48. h3 Nf6 49. Kd4 Ne8 50. Bd7 Nc7 51. Ke5 Na8 52. Rc8 Nb6 53. Rxd8 Kxd8 54. Kf6 1-0

[Event "IECC Trio 607 email"]
[Site "IECC email"]
[Date "1998.09.02"]
[Round "?"]
[White "Balev, Jivko"]
[Black "Badenhorst, Jack D"]
[Result "1/2-1/2"]
[WhiteElo "1863"]
[BlackElo "1268"]
[PlyCount "70"]
[EventDate "1998.??.??"]
[EventType "tourn (corr)"]
[EventRounds "4"]
[SourceTitle "Corr 2008"]
[Source "ChessBase"]
[SourceDate "2008.06.24"]
[SourceVersion "1"]
[SourceVersionDate "2008.06.24"]
[SourceQuality "1"]

1. d4 e6 2. c4 Nf6 3. Nc3 Bb4 4. Bg5 0-0 5. e4 Bxc3+ 6. bxc3 h6 7. Bxf6 Qxf6 8. e5 Qe7 9. Bd3 d6 10. Nf3 Nd7 11. exd6 cxd6 12. 0-0 b6 13. Be4 Rb8 14. Re1 Bb7 15. Rb1 Nf6 16. Bxb7 Rxb7 17. d5 e5 18. Nd4 Qd7 19. Nc6 Rc7 20. Qf3 Qc8 21. Kh1 Qg4 22. Qxg4 Nxg4 23. f3 Nf6 24. Kg1 g6 25. g3 Nd7 26. Kf2 f5 27. h3 Nc5 28. Kg2 f4 29. g4 Kg7 30. h4 Kf6 31. Re2 Nd7 32. Reb2 Re8 33. Re2 Rec8 34. Ree1 Nc5 35. Re2 Ne6 1/2-1/2

[Event "IECC Trio 607 email"]
[Site "IECC email"]
[Date "1998.09.02"]
[Round "?"]
[White "Balev, Jivko"]
[Black "Mayer, Eduardo"]
[Result "1/2-1/2"]
[WhiteElo "1874"]
[BlackElo "1595"]
[PlyCount "96"]
[EventDate "1998.??.??"]
[EventType "tourn (corr)"]
[EventRounds "4"]
[SourceTitle "Corr 2008"]
[Source "ChessBase"]
[SourceDate "2008.06.24"]
[SourceVersion "1"]
[SourceVersionDate "2008.06.24"]
[SourceQuality "1"]

1. d4 Nf6 2. c4 e6 3. Nc3 Bb4 4. Bg5 c5 5. d5 Bxc3+ 6. bxc3 d6 7. e4 h6 8. Bxf6 Qxf6 9. Ne2 0-0 10. f3 Re8 11. Qd2 Nd7 12. dxe6 Rxe6 13. Nf4 Re8 14. Be2 Nb6 15. 0-0 Bd7 16. Nd5 Nxd5 17. cxd5 b5 18. a4 a6 19. Rfb1 Reb8 20. axb5 axb5 21. Qc2 Rxa1 22. Rxa1 b4 23. Rb1 Rc8 24. cxb4 Qd4+ 25. Kf1 cxb4 26. Qd3 Qc5 27. Qd2 Rb8 28. f4 b3 29. Rc1 Qb4 30. Qxb4 Rxb4 31. Rb1 f5 32. e5 Rxf4+ 33. Ke1 dxe5 34. Rxb3 Kf7 35. Rb7 Ke8 36. Bh5+ Ke7 37. Bf7 Kxf7 38. Rxd7+ Kf8 39. d6 Rd4 40. Ke2 g5 41. Re7 e4 42. Re5 f4 43. h4 Kf7 44. hxg5 hxg5 45. d7 Rxd7 46. Rxe4 Ra7 47. Kf3 Ra3+ 48. Kf2 Kf6 1/2-1/2

[Event "IECC M email"]
[Site "IECC email"]
[Date "1998.07.08"]
[Round "?"]
[White "Balev, Jivko"]
[Black "Roberts, Gary"]
[Result "1-0"]
[WhiteElo "1249"]
[BlackElo "1429"]
[PlyCount "57"]
[EventDate "1998.??.??"]
[EventType "tourn (corr)"]
[EventRounds "12"]
[SourceTitle "Corr 2008"]
[Source "ChessBase"]
[SourceDate "2008.06.24"]
[SourceVersion "1"]
[SourceVersionDate "2008.06.24"]
[SourceQuality "1"]

1. d4 Nf6 2. c4 e6 3. Nc3 Bb4 4. Qc2 0-0 5. a3 Bxc3+ 6. Qxc3 b6 7. e3 Bb7 8. Nf3 d5 9. cxd5 Nxd5 10. Qc2 Nd7 11. e4 N5f6 12. Bd3 h6 13. b4 Rc8 14. Rb1 Re8 15. 0-0 e5 16. Nxe5 Nxe5 17. dxe5 Rxe5 18. Bb2 Re6 19. Rbd1 Rc6 20. Qb3 Qe7 21. e5 Ng4 22. Bf5 Rd8 23. Bxg4 Rg6 24. f3 Rxd1 25. Rxd1 Qg5 26. Qd3 Rc6 27. Qd8+ Qxd8 28. Rxd8+ Kh7 29. Bf5+ 1-0

[Event "IECC M email"]
[Site "IECC email"]
[Date "1998.07.08"]
[Round "?"]
[White "Roberts, Gary"]
[Black "Balev, Jivko"]
[Result "0-1"]
[WhiteElo "1405"]
[BlackElo "1262"]
[PlyCount "110"]
[EventDate "1998.??.??"]
[EventType "tourn (corr)"]
[EventRounds "12"]
[SourceTitle "Corr 2008"]
[Source "ChessBase"]
[SourceDate "2008.06.24"]
[SourceVersion "1"]
[SourceVersionDate "2008.06.24"]
[SourceQuality "1"]

1. e4 c5 2. c3 d5 3. exd5 Qxd5 4. d4 Nf6 5. Nf3 Bg4 6. Be2 e6 7. h3 Bh5 8. 0-0 Nc6 9. Be3 cxd4 10. cxd4 Be7 11. Nc3 Qd6 12. Nb5 Qb8 13. Rc1 0-0 14. a3 Rd8 15. Ne5 Nxe5 16. Bxh5 Nxh5 17. Qxh5 Nd3 18. Rc2 a6 19. Nc7 Rc8 20. Qe2 Nb4 21. axb4 Rxc7 22. Rxc7 Qxc7 23. Rc1 Qd7 24. b5 axb5 25. Qc2 Bf6 26. Qc7 Rd8 27. Qxd7 Rxd7 28. Rc8+ Rd8 29. Rc7 e5 30. Rxb7 exd4 31. Bd2 Rc8 32. Rxb5 h6 33. Kf1 Rc2 34. Ke1 Kh7 35. Kd1 d3 36. Rb3 Kg6 37. Rxd3 Rxb2 38. g4 Be7 39. f4 f5 40. gxf5+ Kxf5 41. Rd5+ Ke6 42. Re5+ Kf7 43. Bc3 Rh2 44. Re3 g6 45. Bd4 h5 46. Rf3 Ke6 47. Bf2 Kf5 48. Ke1 Rh1+ 49. Ke2 Bd6 50. Be3 Ke4 51. Rg3 Rh2+ 52. Kf1 g5 53. Kg1 gxf4 54. Bxf4 Bxf4 55. Kxh2 h4 0-1

[Event "IECC Trio 558 email"]
[Site "IECC email"]
[Date "1998.05.28"]
[Round "?"]
[White "Balev, Jivko"]
[Black "Howard, Lawrence"]
[Result "1-0"]
[WhiteElo "1209"]
[BlackElo "894"]
[PlyCount "51"]
[EventDate "1998.??.??"]
[EventType "tourn (corr)"]
[EventRounds "4"]
[SourceTitle "Corr 2008"]
[Source "ChessBase"]
[SourceDate "2008.06.24"]
[SourceVersion "1"]
[SourceVersionDate "2008.06.24"]
[SourceQuality "1"]

1. e4 c6 2. c4 d5 3. cxd5 cxd5 4. exd5 a6 5. Qa4+ Bd7 6. Qb3 Qc7 7. Ne2 e6 8. d4 exd5 9. Nbc3 Nf6 10. Bg5 Be6 11. Bxf6 gxf6 12. Nf4 Qc6 13. Bd3 Nd7 14. 0-0 Bd6 15. Nfxd5 f5 16. Rfe1 0-0 17. Qc4 Qxc4 18. Bxc4 b5 19. Bb3 Rac8 20. Rac1 Bxd5 21. Nxd5 Rxc1 22. Rxc1 Re8 23. g3 a5 24. Rc6 Bf8 25. Rc7 Rd8 26. Rxd7 1-0

[Event "IECC Quad-516 email"]
[Site "IECC email"]
[Date "1998.04.25"]
[Round "?"]
[White "Balev, Jivko"]
[Black "Tosney, Paul"]
[Result "1-0"]
[WhiteElo "1217"]
[BlackElo "1228"]
[PlyCount "65"]
[EventDate "1998.??.??"]
[EventType "tourn (corr)"]
[EventRounds "6"]
[SourceTitle "Corr 2008"]
[Source "ChessBase"]
[SourceDate "2008.06.24"]
[SourceVersion "1"]
[SourceVersionDate "2008.06.24"]
[SourceQuality "1"]

1. d4 d5 2. c4 c6 3. Nf3 Nf6 4. Nc3 dxc4 5. a4 Bf5 6. e3 e6 7. Bxc4 Bb4 8. 0-0 Nbd7 9. Qb3 Qe7 10. Na2 a5 11. Nxb4 axb4 12. Bd2 c5 13. dxc5 Nxc5 14. Bb5+ Nfd7 15. Qxb4 e5 16. Rfc1 Rc8 17. e4 Be6 18. Be3 b6 19. Nxe5 0-0 20. Nc6 Qf6 21. Bd4 Qf4 22. Ne7+ Kh8 23. Bxd7 Nd3 24. Rxc8 Rxc8 25. Bxg7+ Kxg7 26. Qd4+ Qf6 27. Qxf6+ Kxf6 28. Nxc8 Bxd7 29. Nxb6 Bc6 30. f3 Nxb2 31. Ra2 Nd3 32. Rd2 Nb4 33. Rd4 1-0

[Event "IECC Quad-516 email"]
[Site "IECC email"]
[Date "1998.04.25"]
[Round "?"]
[White "Goossens, Jack"]
[Black "Balev, Jivko"]
[Result "1-0"]
[WhiteElo "1501"]
[BlackElo "1883"]
[PlyCount "133"]
[EventDate "1998.??.??"]
[EventType "tourn (corr)"]
[EventRounds "6"]
[SourceTitle "Corr 2008"]
[Source "ChessBase"]
[SourceDate "2008.06.24"]
[SourceVersion "1"]
[SourceVersionDate "2008.06.24"]
[SourceQuality "1"]

1. Nf3 Nf6 2. d4 d5 3. g3 e6 4. Bg2 Be7 5. 0-0 0-0 6. c4 dxc4 7. Ne5 Nc6 8. Bxc6 bxc6 9. Nxc6 Qe8 10. Ne5 c5 11. Nc3 Bb7 12. dxc5 Bxc5 13. Bg5 Rd8 14. Qa4 Bd4 15. Qxe8 Rfxe8 16. Bxf6 gxf6 17. Nxc4 Ba6 18. Na5 Bxc3 19. bxc3 Rd5 20. Nc6 Rc5 21. Nd4 e5 22. Nb3 Rxc3 23. Rfc1 Rxc1+ 24. Nxc1 Rb8 25. Kg2 f5 26. Kf3 Rb4 27. Ke3 Re4+ 28. Kd2 Kg7 29. Rb1 Rd4+ 30. Ke1 Kg6 31. Rb3 Ra4 32. a3 Rd4 33. Rc3 f6 34. Nd3 Bb5 35. Nb2 a6 36. e3 Rd5 37. Rc7 Rd6 38. f4 Rd8 39. a4 Bd7 40. fxe5 fxe5 41. Ra7 Bc8 42. Ra8 Kf6 43. Nc4 Rg8 44. Nb6 Be6 45. Rxa6 Rd8 46. a5 Rd6 47. Ra7 Rd3 48. Ke2 Ra3 49. a6 h5 50. h4 e4 51. Ra8 Ra2+ 52. Ke1 Bf7 53. a7 Ra3 54. Kd2 Ra2+ 55. Kc3 Ra6 56. Nc8 Ra3+ 57. Kb4 Rb3+ 58. Ka4 Bd5 59. Rb8 Rxe3 60. Rb6+ Kg7 61. Ne7 Re1 62. Nxd5 Ra1+ 63. Kb4 Rxa7 64. Rf6 Rf7 65. Rxf7+ Kxf7 66. Kc4 Ke6 67. Kd4 1-0